[Event "IND-ch U15 Girls 30th"]
[Site "Kolkata"]
[Date "2013.08.08"]
[Round "4"]
[White "Chandreyee, Hajra"]
[Black "Akankhya, Dash"]
[Result "1-0"]
[WhiteElo "1661"]
[BlackElo "1436"]
[PlyCount "69"]
[EventDate "2013.08.06"]
[EventType "swiss"]
[EventRounds "11"]
[EventCountry "IND"]
[SourceTitle "CBM 155 Extra"]
[Source "ChessBase"]
[SourceDate "2013.08.26"]
[SourceVersion "1"]
[SourceVersionDate "2013.08.26"]
[SourceQuality "1"]

1. e4 c5 2. Nf3 d6 3. d4 cxd4 4. Nxd4 Nf6 5. Nc3 a6 6. Be2 e5 7. Nb3 Be6 8. Be3 Be7 9. 0-0 Nbd7 10. f4 0-0 11. Kh1 Qc7 12. Qe1 b5 13. a3 Nb6 14. Qg3 Bc4 15. fxe5 dxe5 16. Bxb6 Qxb6 17. Qxe5 Bxe2 18. Nxe2 Bd6 19. Qf5 Rfe8 20. Nc3 Re5 21. Qf3 Ra7 22. Rad1 Rh5 23. h3 Rh6 24. Nd5 Nxd5 25. Rxd5 Re7 26. e5 Bc7 27. Nd4 g6 28. e6 f5 29. Rxf5 gxf5 30. Nxf5 Qxe6 31. Nxh6+ Qxh6 32. Qa8+ Kg7 33. Qf8+ Kg6 34. Rf6+ Kg5 35. Qxh6# 1-0